logo

Bir Sreshtho Munshi Abdur Rouf Library
Jhenaidah Cadet College

The Odyssey Notes / (Record no. 10297)

MARC details
000 -LEADER
fixed length control field 00659nam a2200241 a 4500
001 - CONTROL NUMBER
JCCL Control Number 10297
003 - CONTROL NUMBER IDENTIFIER
JCCL marc code BD-JhCC
005 - DATE AND TIME OF LATEST TRANSACTION
control field 20180521105213.0
008 - FIXED-LENGTH DATA ELEMENTS--GENERAL INFORMATION
fixed length control field 180423s1968 enk 000 1 eng d
035 ## - SYSTEM CONTROL NUMBER
system control number (BD-JhCC)10297
040 ## - CATALOGING SOURCE
Original cataloging agency NUN
Transcribing agency NUN
Modifying agency NSL:R
041 ## - LANGUAGE CODE
Language code of Book eng
082 04 - DEWEY DECIMAL CLASSIFICATION NUMBER
Classification number 883
Author mark and Year MIL 1968
100 0# - MAIN ENTRY--PERSONAL NAME
Personal name Milch, Robert J.
245 14 - TITLE STATEMENT
Title The Odyssey Notes /
Statement of responsibility, etc by Robert J. Milch
260 ## - PUBLICATION, DISTRIBUTION, ETC. (IMPRINT)
Place of publication, distribution, etc London :
Name of publisher, distributor, etc Coles Publishing Company Limited,
Date of publication, distribution, etc 1968.
300 ## - PHYSICAL DESCRIPTION
Pagination 71 P. :
Dimensions 21 cm.
650 ## - SUBJECT ADDED ENTRY--TOPICAL TERM
Topical term or geographic name as entry element English prose
700 1# - ADDED ENTRY--PERSONAL NAME
Personal name Lang, Andrew,
Dates associated with a name 1844-1912.
700 1# - ADDED ENTRY--PERSONAL NAME
Personal name Butcher, S. H.
Fuller form of name (Samuel Henry),
Dates associated with a name 1850-1910.
942 ## - ADDED ENTRY ELEMENTS (KOHA)
Source of classification or shelving scheme Dewey Decimal Classification
Koha item type Books
Holdings
Source of classification or shelving scheme Damaged status Not for loan Home library Current library Shelving location Date of accession Total Checkouts Full call number Barcode Date last seen Copy number Koha item type
Dewey Decimal Classification     JCC Rouf Library JCC Rouf Library General Stacks 04/23/2018   883 MIL 1968 13519 04/23/2018 C-1 Books

JCC Library | Contacts | JCC Home

Last Update on 23 September 2017
Copyright @ 2017-2020 JCC Rouf Library
Rouf Library, Jhenidah Cadet College (JCC), Bangladesh